[Event "San Vicente op 8th"]
[Site "San Vicente"]
[Date "2024.03.29"]
[Round "5"]
[White "Xiao, Tong"]
[Black "Serarols Mabras, Bernat"]
[Result "1-0"]
[WhiteElo "2484"]
[BlackElo "2360"]
[PlyCount "89"]
[EventDate "2024.03.27"]
[EventType "swiss"]
[EventRounds "9"]
[EventCountry "ESP"]
[SourceTitle "CB14_2024"]
[SourceDate "2024.04.01"]
[SourceVersion "1"]
[SourceVersionDate "2024.04.01"]
[SourceQuality "1"]

1. e4 c6 2. d4 d5 3. e5 Bf5 4. Nf3 e6 5. Be2 Ne7 6. 0-0 Ng6 7. Be3 Nd7 8. Nbd2 f6 9. Nb3 fxe5 10. Nxe5 Ngxe5 11. dxe5 Nxe5 12. Nd4 Qh4 13. Nxf5 exf5 14. Bd4 Ng4 15. Bxg4 Qxg4 16. Re1+ Kf7 17. Qd3 Bd6 18. c4 Rhd8 19. cxd5 cxd5 20. h3 Qf4 21. g3 Qg5 22. Be5 Bf8 23. Bc7 Rd7 24. Qb5 Rad8 25. Bxd8 Qxd8 26. Re5 g6 27. Rae1 Bg7 28. Re6 Bf6 29. Qc5 d4 30. Qc4 Kg7 31. Re8 Qc7 32. Qe6 Qc6 33. Qg8+ Kh6 34. Qf8+ Bg7 35. Qb4 Qc2 36. R8e2 Qd3 37. Qc5 Qf3 38. Re7 Rd5 39. Qc7 Bf6 40. Rxh7+ Kg5 41. Rh4 d3 42. Qh7 Bd4 43. Qh6+ Kf6 44. Qh8+ Kg5 45. Rxd4 1-0

[Event "ESP-chT CECLUB Div2"]
[Site "Linares"]
[Date "2022.08.25"]
[Round "5.3"]
[White "Barbot, Pierre"]
[Black "Serarols Mabras, Bernat"]
[Result "1/2-1/2"]
[WhiteElo "2438"]
[BlackElo "2357"]
[PlyCount "212"]
[EventDate "2022.08.22"]
[EventType "team-swiss"]
[EventRounds "7"]
[EventCountry "ESP"]
[SourceTitle "CBM 209 Extra"]
[Source "ChessBase"]
[SourceDate "2022.09.30"]
[SourceVersion "1"]
[SourceVersionDate "2022.09.30"]
[SourceQuality "1"]
[WhiteTeam "Grandama Santa Lucia"]
[BlackTeam "Xeraco CE"]
[WhiteTeamCountry "ESP"]
[BlackTeamCountry "ESP"]

1. d4 Nf6 2. c4 e6 3. Nf3 d5 4. Nc3 Bb4 5. Bg5 h6 6. Bxf6 Qxf6 7. Qa4+ Nc6 8. e3 Bd7 9. Qc2 0-0 10. a3 Bxc3+ 11. Qxc3 Rfe8 12. cxd5 exd5 13. Bb5 Rec8 14. Bxc6 Qxc6 15. Qxc6 Bxc6 16. Kd2 f6 17. Rhc1 Bd7 18. Ke1 Kf7 19. Nd2 Ke7 20. Rc3 Kd6 21. Rac1 b6 22. Nf1 c5 23. dxc5+ bxc5 24. Ng3 Rab8 25. b4 cxb4 26. Rxc8 Bxc8 27. axb4 Bd7 28. Ra1 Rxb4 29. Rxa7 g5 30. Ra1 Ke7 31. Ne2 h5 32. Rd1 Be6 33. f3 Rb2 34. Rd2 Rxd2 35. Kxd2 Kd6 36. Kd3 Ke5 37. f4+ gxf4 38. exf4+ Kd6 39. Kd4 h4 40. Nc3 Bg8 41. Nd1 Bh7 42. Nc3 Bg8 43. f5 Bh7 44. Nxd5 Bxf5 45. Nxf6 Bc8 46. Ne4+ Ke6 47. h3 Kf5 48. Ke3 Bd7 49. Nd2 Kg5 50. Ne4+ Kf5 51. Nd2 Kg5 52. Nf3+ Kh5 53. Ke4 Bc6+ 54. Ke5 Ba8 55. Kf6 Bb7 56. Kf5 Bc8+ 57. Kf4 Bb7 58. Ke3 Ba8 59. Kd4 Bb7 60. Ke5 Bc6 61. Kf6 Bb7 62. Ne1 Be4 63. Ke5 Ba8 64. Kf5 Bb7 65. Nd3 Bc8+ 66. Kf6 Bb7 67. Kf5 Bc8+ 68. Ke5 Bb7 69. Kf6 Bc6 70. Nf4+ Kh6 71. Kf5 Bd7+ 72. Ke5 Bc8 73. Nd3 Bb7 74. Ne1 Kg5 75. Nf3+ Kh5 76. Kd6 Ba8 77. Ke6 Bb7 78. Kf6 Bc6 79. Kf5 Bd7+ 80. Kf4 Bc6 81. Ke3 Bb7 82. Kf2 Ba8 83. Nd4 Kg5 84. Nb5 Bb7 85. Nd6 Ba8 86. Nf7+ Kf4 87. Nh6 Bb7 88. Ng4 Ba8 89. Ne3 Bb7 90. Nc4 Kg5 91. Ne5 Ba8 92. Nf3+ Kh5 93. Ke3 Bb7 94. Kf4 Bc6 95. Ne1 Bb7 96. Kf5 Bc8+ 97. Kf6 Bb7 98. Nd3 Bc6 99. Nf4+ Kh6 100. Ke6 Bb7 101. Ke5 Kg5 102. Ne6+ Kh6 103. Nd4 Bxg2 104. Nf5+ Kg5 105. Nxh4 Kxh4 106. Kf4 Bxh3 1/2-1/2

[Event "ESP-chT CECLUB Div2"]
[Site "Linares"]
[Date "2022.08.24"]
[Round "4.3"]
[White "Serarols Mabras, Bernat"]
[Black "Teran Alvarez, Ismael"]
[Result "1/2-1/2"]
[WhiteElo "2357"]
[BlackElo "2371"]
[PlyCount "60"]
[EventDate "2022.08.22"]
[EventType "team-swiss"]
[EventRounds "7"]
[EventCountry "ESP"]
[SourceTitle "CBM 209 Extra"]
[Source "ChessBase"]
[SourceDate "2022.09.30"]
[SourceVersion "1"]
[SourceVersionDate "2022.09.30"]
[SourceQuality "1"]
[WhiteTeam "Xeraco CE"]
[BlackTeam "Sevilla Casa del Ajedrez"]
[WhiteTeamCountry "ESP"]
[BlackTeamCountry "ESP"]

1. d4 e6 2. c4 Bb4+ 3. Bd2 a5 4. e4 d5 5. cxd5 exd5 6. exd5 Nf6 7. Bb5+ Nbd7 8. Qe2+ Be7 9. d6 cxd6 10. Nc3 0-0 11. Nf3 Nb6 12. 0-0 Bd7 13. Rfe1 Re8 14. Bxd7 Qxd7 15. Qb5 Qxb5 16. Nxb5 Nbd5 17. Rac1 Rec8 18. Bg5 Rxc1 19. Rxc1 Ne4 20. Bxe7 Nxe7 21. Re1 d5 22. Nc7 Rc8 23. Nxd5 Nxd5 24. Rxe4 f6 25. Re1 Rc2 26. Rb1 Nb4 27. Ne1 Rd2 28. Nf3 Rd3 29. a3 Nc2 30. Rc1 Nxd4 1/2-1/2

[Event "Robecchetto op 33rd"]
[Site "Robecchetto"]
[Date "2021.12.29"]
[Round "6"]
[White "Sala, Giulia"]
[Black "Serarols Mabras, Bernat"]
[Result "0-1"]
[WhiteElo "2028"]
[BlackElo "2355"]
[PlyCount "108"]
[EventDate "2021.12.26"]
[EventType "swiss"]
[EventRounds "7"]
[EventCountry "ITA"]
[SourceTitle "EXT 2023"]
[Source "ChessBase"]
[SourceDate "2022.10.05"]
[SourceVersion "1"]
[SourceVersionDate "2022.10.05"]
[SourceQuality "1"]

1. e4 c6 2. d4 d5 3. exd5 cxd5 4. Bd3 g6 5. Bf4 Bh6 6. Qd2 Bxf4 7. Qxf4 Qb6 8. b3 Qf6 9. Qc7 Nc6 10. Bb5 Nh6 11. Nf3 0-0 12. Bxc6 bxc6 13. 0-0 Bf5 14. Ne5 Rfc8 15. Qb7 Qd6 16. Nd2 f6 17. Nd3 Rcb8 18. Qa6 Rb6 19. Qa5 Bxd3 20. cxd3 Qb4 21. Qxb4 Rxb4 22. Nf3 Nf5 23. Rfe1 Kf7 24. Rac1 Rc8 25. Rc3 Nxd4 26. Nxd4 Rxd4 27. Rec1 a5 28. Kf1 a4 29. Ke2 axb3 30. axb3 Rb4 31. Rxc6 Rxc6 32. Rxc6 Rxb3 33. Ke3 h5 34. Rc2 h4 35. h3 g5 36. Kd4 Rb5 37. Rc7 Rb2 38. Ke3 d4+ 39. Kf3 Rd2 40. Rd7 Rxd3+ 41. Ke2 Ra3 42. Rxd4 Kg6 43. Re4 e5 44. Rb4 Kf5 45. Rc4 e4 46. Rc6 Ra1 47. g4+ hxg3 48. fxg3 Rh1 49. g4+ Ke5 50. Rc3 Kd4 51. Ra3 Rh2+ 52. Kf1 e3 53. Ra4+ Kd3 54. Ra3+ Ke4 0-1

[Event "ESP-ch 86th"]
[Site "Linares"]
[Date "2021.08.23"]
[Round "8"]
[White "Serarols Mabras, Bernat"]
[Black "Rey Martinez, Jaime"]
[Result "1-0"]
[WhiteElo "2344"]
[BlackElo "2064"]
[PlyCount "167"]
[EventDate "2021.08.16"]
[EventType "swiss"]
[EventRounds "9"]
[EventCountry "ESP"]
[SourceTitle "CBM 204 Extra"]
[Source "ChessBase"]
[SourceDate "2021.11.30"]
[SourceVersion "1"]
[SourceVersionDate "2021.11.30"]
[SourceQuality "1"]

1. Nf3 c5 2. c4 Nc6 3. e3 Nf6 4. Nc3 d5 5. cxd5 Nxd5 6. Bc4 Nb6 7. Be2 Bf5 8. 0-0 e6 9. d4 cxd4 10. Nxd4 Nxd4 11. exd4 Be7 12. Bb5+ Nd7 13. g4 Bg6 14. f4 a6 15. Ba4 b5 16. Bb3 Nf6 17. d5 Qb6+ 18. Kg2 b4 19. dxe6 fxe6 20. Qf3 Rd8 21. Be3 Qa5 22. f5 exf5 23. gxf5 Bf7 24. Qc6+ Kf8 25. Ne4 Bd5 26. Bxd5 Qxd5 27. Qxd5 Rxd5 28. Ng5 h6 29. Ne6+ Kf7 30. Rac1 g6 31. Nd4 Rg8 32. Kh1 Bc5 33. fxg6+ Rxg6 34. Nf5 Bxe3 35. Nxe3 Rd2 36. Rc7+ Ke8 37. Rc6 Ke7 38. Rxa6 h5 39. b3 Rd3 40. Nf5+ Kf7 41. Ra7+ Nd7 42. Nd6+ Ke6 43. Nc4 Rg4 44. Re1+ Kf6 45. Rf1+ Ke6 46. Ra6+ Ke7 47. Rh6 h4 48. Rh8 h3 49. Rh7+ Ke6 50. Re1+ Kf6 51. Ne3 Rf4 52. Rxh3 Ne5 53. Ng2 Rxh3 54. Nxf4 Rxh2+ 55. Kxh2 Nf3+ 56. Kg3 Nxe1 57. Nd5+ Ke5 58. Nxb4 Ke4 59. Kf2 Nf3 60. Ke2 Ne5 61. Kd2 Kd4 62. Nc2+ Kc5 63. Kc3 Nf3 64. a4 Ne5 65. b4+ Kb6 66. Nd4 Ka7 67. Nb5+ Kb6 68. Na3 Nc6 69. Nc4+ Kb7 70. b5 Nd8 71. Kb4 Ne6 72. a5 Ka7 73. Nd6 Nd4 74. Ne4 Kb7 75. Nc5+ Ka7 76. b6+ Kb8 77. a6 Nc6+ 78. Kb5 Nd4+ 79. Kc4 Nc6 80. Nd3 Ne7 81. Nb4 Ka8 82. Kc5 Nc8 83. b7+ Ka7 84. Nc6+ 1-0

[Event "ESP-ch 86th"]
[Site "Linares"]
[Date "2021.08.22"]
[Round "7"]
[White "Rodriguez Reinoso, Victoriano"]
[Black "Serarols Mabras, Bernat"]
[Result "0-1"]
[WhiteElo "2152"]
[BlackElo "2344"]
[PlyCount "84"]
[EventDate "2021.08.16"]
[EventType "swiss"]
[EventRounds "9"]
[EventCountry "ESP"]
[SourceTitle "CBM 204 Extra"]
[Source "ChessBase"]
[SourceDate "2021.11.30"]
[SourceVersion "1"]
[SourceVersionDate "2021.11.30"]
[SourceQuality "1"]

1. c4 e6 2. Nf3 d5 3. b3 d4 4. g3 c5 5. Bg2 Nc6 6. 0-0 Bd6 7. e3 Nf6 8. exd4 cxd4 9. Bb2 e5 10. Re1 0-0 11. h3 Re8 12. d3 h6 13. Na3 Bf5 14. Rc1 Nb4 15. Bf1 Nxa2 16. Ra1 Nb4 17. Nb5 Bb8 18. Ba3 Nc6 19. c5 Nd5 20. Qd2 Qd7 21. Kh2 a6 22. Nd6 Bxd6 23. cxd6 Nc3 24. Bg2 Nb5 25. Bc5 Nxd6 26. Rac1 Nb5 27. Qc2 Rac8 28. Qd1 Nc3 29. Qc2 Nd5 30. Qd1 b6 31. Ba3 Nc3 32. Qd2 a5 33. g4 Bh7 34. g5 hxg5 35. Nxg5 Bg6 36. Rg1 Nb4 37. Bxb4 axb4 38. Rce1 Nd5 39. Be4 Rc6 40. Rg4 Bxe4 41. Nxe4 f5 42. Rxg7+ Kxg7 0-1

[Event "ESP-chT CECLUB Div2"]
[Site "Linares"]
[Date "2021.08.12"]
[Round "5.4"]
[White "Serarols Mabras, Bernat"]
[Black "Blanco Diez, David"]
[Result "1-0"]
[WhiteElo "2344"]
[BlackElo "2235"]
[PlyCount "207"]
[EventDate "2021.08.09"]
[EventType "team-swiss"]
[EventRounds "7"]
[EventCountry "ESP"]
[SourceTitle "CBM 203 Extra"]
[Source "ChessBase"]
[SourceDate "2021.09.30"]
[SourceVersion "1"]
[SourceVersionDate "2021.09.30"]
[SourceQuality "1"]
[WhiteTeam "Xeraco CE"]
[BlackTeam "Jaque Mate"]
[WhiteTeamCountry "ESP"]
[BlackTeamCountry "ESP"]

1. d4 d5 2. c4 e6 3. Nc3 Nf6 4. cxd5 exd5 5. Bg5 c6 6. e3 Be7 7. Bd3 h6 8. Bh4 0-0 9. Qc2 Re8 10. Nf3 Ne4 11. Bxe7 Qxe7 12. 0-0 Nd7 13. Rae1 b6 14. Nd2 Ndf6 15. f3 Nxd2 16. Qxd2 Be6 17. Kh1 c5 18. Bb1 Rad8 19. Rc1 g6 20. Rfe1 Kg7 21. Ne2 h5 22. Nf4 h4 23. Kg1 Qd6 24. b3 Bc8 25. Qc3 cxd4 26. Qxd4 Qe5 27. Rcd1 g5 28. Qxe5 Rxe5 29. Nd3 Re7 30. Nb4 Bb7 31. Kf2 a5 32. Nc2 Rc8 33. Nd4 Kf8 34. Rc1 Rec7 35. Rxc7 Rxc7 36. Bf5 Ke7 37. Rd1 Ba6 38. g3 hxg3+ 39. hxg3 Bc8 40. g4 Bxf5 41. Nxf5+ Ke6 42. Nd4+ Ke5 43. Rh1 Rc8 44. Ke2 a4 45. Kd3 axb3 46. axb3 Nd7 47. Rh6 Nc5+ 48. Kd2 Ne6 49. Nxe6 fxe6 50. Rg6 Ra8 51. Kc3 Ra2 52. Rxg5+ Kf6 53. f4 Rg2 54. b4 Rg3 55. Kd4 Rg1 56. Kc3 Rg3 57. Kd3 Rg1 58. e4 Rd1+ 59. Kc3 Rf1 60. e5+ Kf7 61. f5 Rf3+ 62. Kb2 Re3 63. f6 Kf8 64. b5 d4 65. Kc2 Rc3+ 66. Kd2 Rb3 67. Rh5 Rxb5 68. Kd3 Rd5 69. Rh8+ Kf7 70. g5 Rxe5 71. Rh7+ Kg8 72. f7+ Kxh7 73. f8Q Rxg5 74. Qe7+ Kh6 75. Qxe6+ Kh5 76. Qh3+ Kg6 77. Kxd4 b5 78. Kc3 Re5 79. Kd4 Rg5 80. Ke4 Kf7 81. Qh7+ Kf6 82. Kf4 Rc5 83. Qh6+ Ke7 84. Qb6 Rh5 85. Qc6 Kf7 86. Qd6 Kg7 87. Qe6 Rh6 88. Qe5+ Kf8 89. Kg5 Rc6 90. Qxb5 Rd6 91. Qb7 Ke8 92. Kf5 Rh6 93. Qc8+ Ke7 94. Qc7+ Ke8 95. Qb8+ Ke7 96. Qb4+ Ke8 97. Qe1+ Kd7 98. Qd1+ Ke8 99. Qd2 Rc6 100. Qd5 Rc7 101. Kf6 Rd7 102. Qa8+ Rd8 103. Qc6+ Kf8 104. Qc7 1-0

[Event "ESP-chT CECLUB Div2"]
[Site "Linares"]
[Date "2021.08.10"]
[Round "3.5"]
[White "Serarols Mabras, Bernat"]
[Black "Merario Alarcon, Andres"]
[Result "1/2-1/2"]
[WhiteElo "2344"]
[BlackElo "2417"]
[PlyCount "78"]
[EventDate "2021.08.09"]
[EventType "team-swiss"]
[EventRounds "7"]
[EventCountry "ESP"]
[SourceTitle "CBM 203 Extra"]
[Source "ChessBase"]
[SourceDate "2021.09.30"]
[SourceVersion "1"]
[SourceVersionDate "2021.09.30"]
[SourceQuality "1"]
[WhiteTeam "Xeraco CE"]
[BlackTeam "Marbella Metro"]
[WhiteTeamCountry "ESP"]
[BlackTeamCountry "ESP"]

1. Nf3 d5 2. e3 Nf6 3. c4 e6 4. d4 Be7 5. Nbd2 0-0 6. b3 c5 7. Bb2 cxd4 8. exd4 b6 9. Bd3 Nc6 10. 0-0 Bb7 11. Rc1 Rc8 12. Re1 Re8 13. Qe2 Bf8 14. Qe3 g6 15. h3 Bg7 16. Ne5 dxc4 17. bxc4 Nxe5 18. dxe5 Nd7 19. Be4 Ba6 20. Qa3 Nc5 21. Nb3 Nxe4 22. Qxa6 Nc5 23. Nxc5 Rxc5 24. Qxa7 Ra5 25. Qb7 Rxa2 26. Red1 Qb8 27. Qxb8 Rxb8 28. Bd4 Ra4 29. f4 h5 30. h4 Bf8 31. g3 Bc5 32. Kg2 Bxd4 33. Rxd4 Ra2+ 34. Kf3 Rba8 35. Rd3 Rc8 36. Rb1 Rc2 37. Rxb6 R2xc4 38. Rb7 Rc3 39. Rxc3 Rxc3+ 1/2-1/2

[Event "Valencia Cuna op"]
[Site "Valencia"]
[Date "2021.07.23"]
[Round "7"]
[White "Serarols Mabras, Bernat"]
[Black "Sosa, Tomas Sebastian"]
[Result "0-1"]
[WhiteElo "2359"]
[BlackElo "2541"]
[PlyCount "84"]
[EventDate "2021.07.19"]
[EventType "swiss"]
[EventRounds "9"]
[EventCountry "ESP"]
[SourceTitle "CBM 203 Extra"]
[Source "ChessBase"]
[SourceDate "2021.09.30"]
[SourceVersion "1"]
[SourceVersionDate "2021.09.30"]
[SourceQuality "1"]

1. d4 e6 2. c4 c5 3. d5 exd5 4. cxd5 d6 5. Nc3 g6 6. Nf3 a6 7. a4 Bg7 8. e3 Bg4 9. Be2 Bxf3 10. Bxf3 Nd7 11. 0-0 Ngf6 12. Be2 0-0 13. a5 Rb8 14. Qc2 Ne8 15. Rd1 Nc7 16. Ra2 Qe7 17. b3 b5 18. axb6 Rxb6 19. Na4 Rb7 20. Nb2 Nb5 21. Na4 Rfb8 22. Bb2 Bxb2 23. Nxb2 Qf6 24. Na4 Qe5 25. h3 h5 26. Bc4 h4 27. Raa1 Nf6 28. Qb2 Qe7 29. Nc3 Nc7 30. Qc2 Qe5 31. Ra5 Rb4 32. Na2 R4b6 33. Nc3 Nb5 34. Ne2 Nc7 35. Nc3 Kg7 36. Qd3 Rxb3 37. Bxb3 Rxb3 38. Rc1 Nfxd5 39. f4 Rxc3 40. fxe5 Rxd3 41. exd6 Ne6 42. Kf2 Nb4 0-1

[Event "Alicante IM"]
[Site "Alicante"]
[Date "2021.07.11"]
[Round "9"]
[White "Serarols Mabras, Bernat"]
[Black "Giaccio, Alfredo Gustavo"]
[Result "1/2-1/2"]
[WhiteElo "2359"]
[BlackElo "2361"]
[PlyCount "43"]
[EventDate "2021.07.05"]
[EventType "tourn"]
[EventRounds "9"]
[EventCountry "ESP"]
[EventCategory "1"]
[SourceTitle "EXT 2022"]
[Source "ChessBase"]
[SourceDate "2021.10.06"]
[SourceVersion "1"]
[SourceVersionDate "2021.10.06"]
[SourceQuality "1"]

1. d4 e6 2. c4 b6 3. e4 Bb4+ 4. Bd2 Bxd2+ 5. Qxd2 Bb7 6. Nc3 Nh6 7. Nf3 f5 8. e5 d6 9. d5 dxe5 10. Ng5 Bc8 11. 0-0-0 c6 12. Re1 Qf6 13. h4 0-0 14. dxe6 Bxe6 15. Qd6 Bf7 16. Qxe5 Nd7 17. Qxf6 Nxf6 18. Be2 Nhg4 19. Nxf7 Kxf7 20. Nd1 Rfe8 21. b3 Rad8 22. Kc2 1/2-1/2

[Event "Barcelona GM 02"]
[Site "Barcelona"]
[Date "2021.02.22"]
[Round "7"]
[White "Serarols Mabras, Bernat"]
[Black "Garcia Ramos, Daniel"]
[Result "0-1"]
[WhiteElo "2358"]
[BlackElo "2397"]
[PlyCount "112"]
[EventDate "2021.02.16"]
[EventType "tourn"]
[EventRounds "9"]
[EventCountry "ESP"]
[SourceTitle "CBM 200 Extra"]
[Source "ChessBase"]
[SourceDate "2021.03.31"]
[SourceVersion "1"]
[SourceVersionDate "2021.03.31"]
[SourceQuality "1"]

1. d4 d5 2. c4 c6 3. Nf3 Nf6 4. e3 e6 5. Nc3 Nbd7 6. Qc2 Bd6 7. Be2 0-0 8. 0-0 dxc4 9. Bxc4 b5 10. Be2 Bb7 11. Rd1 Qe7 12. e4 e5 13. g3 Rfd8 14. dxe5 Nxe5 15. Nd4 g6 16. Bg5 Bc5 17. Nd5 cxd5 18. Bxf6 Qxf6 19. Qxc5 dxe4 20. Nxb5 Nd3 21. Qe3 Qc6 22. Nd4 Qd5 23. Nb3 Rac8 24. Rd2 a5 25. Rad1 a4 26. Nc1 Re8 27. Bf1 Qc6 28. Ne2 Ne5 29. Nd4 Qf6 30. b3 axb3 31. axb3 Ng4 32. Qf4 Qxf4 33. gxf4 e3 34. fxe3 Nxe3 35. Re1 Re4 36. Nb5 Nxf1 37. Rxf1 Rb4 38. Nd4 Rd8 39. Rfd1 Be4 40. Kf2 Rc8 41. Re1 f5 42. Ra1 Rb7 43. h4 Rc3 44. h5 Rd7 45. hxg6 hxg6 46. Rg1 Rh3 47. Ke1 Kf7 48. b4 Ra7 49. Ne2 Ra1+ 50. Rd1 Rxd1+ 51. Kxd1 Rb3 52. Rg3 Rxb4 53. Ra3 Kg7 54. Kd2 Bd5 55. Rd3 Rb2+ 56. Ke3 Rxe2+ 0-1

[Event "Barcelona GM 02"]
[Site "Barcelona"]
[Date "2021.02.20"]
[Round "5"]
[White "Serarols Mabras, Bernat"]
[Black "Gines Esteo, Pedro Antonio"]
[Result "0-1"]
[WhiteElo "2358"]
[BlackElo "2443"]
[PlyCount "114"]
[EventDate "2021.02.16"]
[EventType "tourn"]
[EventRounds "9"]
[EventCountry "ESP"]
[SourceTitle "CBM 200 Extra"]
[Source "ChessBase"]
[SourceDate "2021.03.31"]
[SourceVersion "1"]
[SourceVersionDate "2021.03.31"]
[SourceQuality "1"]

1. d4 f5 2. c4 Nf6 3. Nc3 e6 4. Qc2 Bb4 5. e3 b6 6. Bd3 Bb7 7. f3 c5 8. Nge2 Nc6 9. 0-0 0-0 10. a3 cxd4 11. exd4 Bd6 12. Be3 Qb8 13. g3 Qe8 14. Qd2 Qh5 15. Rae1 Rae8 16. b4 Bb8 17. Bc2 Kh8 18. Bb3 Ne7 19. d5 exd5 20. c5 Ng6 21. cxb6 axb6 22. Bxb6 Ne5 23. Nd4 Nc4 24. Bxc4 dxc4 25. Rxe8 Rxe8 26. Re1 f4 27. Rxe8+ Qxe8 28. g4 Qg6 29. Bd8 h5 30. h3 hxg4 31. hxg4 Nxg4 32. fxg4 Qxg4+ 33. Kf1 Qh3+ 34. Ke2 Qh5+ 35. Kf1 Qh1+ 36. Kf2 Qg2+ 37. Ke1 Qg1+ 38. Ke2 f3+ 39. Nxf3 Qg2+ 40. Kd1 Qxf3+ 41. Kc2 Be4+ 42. Kb2 Bf4 43. Qe1 Qg2+ 44. Qe2 Qxe2+ 45. Nxe2 Be5+ 46. Kc1 Kg8 47. b5 Kf7 48. a4 Ke6 49. Bg5 Kd5 50. Be3 c3 51. b6 Kc4 52. a5 Kb5 53. Bf4 Bxf4+ 54. Nxf4 Kxa5 55. Nh5 Kxb6 56. Nxg7 Bg6 57. Kd1 Kc5 0-1

[Event "Barcelona GM 02"]
[Site "Barcelona"]
[Date "2021.02.19"]
[Round "4"]
[White "Cornette, Matthieu"]
[Black "Serarols Mabras, Bernat"]
[Result "1-0"]
[WhiteElo "2555"]
[BlackElo "2358"]
[PlyCount "47"]
[EventDate "2021.02.16"]
[EventType "tourn"]
[EventRounds "9"]
[EventCountry "ESP"]
[SourceTitle "CBM 200 Extra"]
[Source "ChessBase"]
[SourceDate "2021.03.31"]
[SourceVersion "1"]
[SourceVersionDate "2021.03.31"]
[SourceQuality "1"]

1. c4 e6 2. g3 d5 3. Bg2 Nf6 4. Nf3 d4 5. d3 c5 6. e4 Nc6 7. e5 Nd7 8. Bf4 Be7 9. h4 Qc7 10. Qe2 b6 11. Nbd2 Bb7 12. a3 a6 13. 0-0 0-0 14. Rfe1 b5 15. Rac1 Rfc8 16. h5 h6 17. g4 Rab8 18. cxb5 axb5 19. Ne4 Qd8 20. g5 hxg5 21. Nexg5 Ncxe5 22. Nxe5 Bxg5 23. Nxf7 Qf6 24. Nxg5 1-0

[Event "Barcelona GM 02"]
[Site "Barcelona"]
[Date "2021.02.17"]
[Round "2"]
[White "Bellahcene, Bilel"]
[Black "Serarols Mabras, Bernat"]
[Result "1-0"]
[WhiteElo "2517"]
[BlackElo "2358"]
[PlyCount "53"]
[EventDate "2021.02.16"]
[EventType "tourn"]
[EventRounds "9"]
[EventCountry "ESP"]
[SourceTitle "CBM 200 Extra"]
[Source "ChessBase"]
[SourceDate "2021.03.31"]
[SourceVersion "1"]
[SourceVersionDate "2021.03.31"]
[SourceQuality "1"]

1. d4 d5 2. c4 e6 3. Nf3 Nf6 4. g3 Bb4+ 5. Nbd2 dxc4 6. Bg2 a5 7. a3 Bxd2+ 8. Bxd2 b5 9. b3 cxb3 10. Qxb3 c6 11. h4 Bb7 12. h5 h6 13. Rh4 Nbd7 14. Rc1 Qb6 15. Qb2 0-0 16. g4 c5 17. dxc5 Nxc5 18. g5 hxg5 19. Bxg5 Rfc8 20. Be3 Qd6 21. Rd1 Qc6 22. Bd4 Ncd7 23. Qd2 e5 24. Ba1 e4 25. h6 Qc5 26. hxg7 e3 27. Qxd7 1-0

[Event "Rilton Cup 49th"]
[Site "Stockholm"]
[Date "2020.01.03"]
[Round "7"]
[White "Serarols Mabras, Bernat"]
[Black "Piesik, Piotr"]
[Result "1/2-1/2"]
[WhiteElo "2356"]
[BlackElo "2417"]
[PlyCount "130"]
[EventDate "2019.12.27"]
[EventType "swiss"]
[EventRounds "9"]
[EventCountry "SWE"]
[SourceTitle "CBM 194 Extra"]
[Source "ChessBase"]
[SourceDate "2020.03.31"]
[SourceVersion "1"]
[SourceVersionDate "2020.03.31"]
[SourceQuality "1"]

1. d4 Nf6 2. c4 c5 3. d5 b5 4. cxb5 a6 5. bxa6 e6 6. Nc3 exd5 7. Nxd5 Be7 8. Nxe7 Qxe7 9. Bf4 d5 10. e3 0-0 11. Be2 Bxa6 12. Bxa6 Rxa6 13. Ne2 Qa7 14. a3 Qb7 15. 0-0 Nbd7 16. b4 c4 17. Nc3 Rfa8 18. Qc1 Nh5 19. Bg3 Nxg3 20. hxg3 Ne5 21. b5 Rh6 22. Qd1 Rd8 23. Qd4 f6 24. Rfd1 Nd3 25. e4 Qf7 26. Nxd5 Kh8 27. g4 f5 28. exf5 Qxd5 29. Qxd5 Rxd5 30. Rac1 Rd4 31. Rc2 Kg8 32. f3 Rhd6 33. a4 Nb4 34. Rxd4 Rxd4 35. Rc1 Nd5 36. a5 c3 37. b6 Rb4 38. Kh2 Rb5 39. Ra1 c2 40. a6 Nxb6 41. Rc1 Rc5 42. a7 Kf7 43. Kg3 Kf6 44. Kf4 h6 45. Ke3 Rc7 46. Kd3 Rxa7 47. Rxc2 Ke5 48. Ke3 Nd5+ 49. Kf2 h5 50. gxh5 Kxf5 51. g4+ Ke5 52. Kg3 Ra3 53. Rb2 Kf6 54. Rb7 Re3 55. Rb5 Ke6 56. Rb7 Kf6 57. Rb5 Rd3 58. Ra5 Ne7 59. Ra6+ Kf7 60. Ra7 Rc3 61. Kf4 Ke6 62. Ra6+ Rc6 63. Rxc6+ Nxc6 64. Kg5 Kf7 65. h6 gxh6+ 1/2-1/2

[Event "Barcelona City op 24th"]
[Site "Barcelona"]
[Date "2019.10.03"]
[Round "7"]
[White "Song, Raymond"]
[Black "Serarols Mabras, Bernat"]
[Result "1/2-1/2"]
[WhiteElo "2456"]
[BlackElo "2333"]
[PlyCount "72"]
[EventDate "2019.09.27"]
[EventType "swiss"]
[EventRounds "9"]
[EventCountry "ESP"]
[SourceTitle "EXT 2020"]
[Source "ChessBase"]
[SourceDate "2019.10.17"]
[SourceVersion "1"]
[SourceVersionDate "2019.10.17"]
[SourceQuality "1"]

1. Nf3 d5 2. d4 Nf6 3. c4 e6 4. g3 Bb4+ 5. Bd2 Bd6 6. Nc3 0-0 7. Bg5 Be7 8. Bg2 Nbd7 9. Qd3 c6 10. 0-0 b6 11. cxd5 Nxd5 12. Bxe7 Qxe7 13. Nxd5 cxd5 14. Rfc1 Nf6 15. Ne5 Bb7 16. Rc2 Rfc8 17. Rac1 Rxc2 18. Qxc2 Rc8 19. Qxc8+ Bxc8 20. Rxc8+ Ne8 21. e4 g6 22. exd5 exd5 23. Bxd5 Kg7 24. Bxf7 Nf6 25. Bb3 Qd6 26. g4 Qxd4 27. Rc7+ Kh8 28. Nf7+ Kg7 29. g5 Nd5 30. Rxa7 b5 31. Rb7 Qg4+ 32. Kf1 Ne3+ 33. Ke1 Ng2+ 34. Kf1 Ne3+ 35. Ke1 Ng2+ 36. Kf1 Ne3+ 1/2-1/2